00883 2200301 4500001002100000005001500021035002500036007000300061008004100064020002200105040001700127082001600144084001800160090002200178090002200200100002800222245009000250250001100340260004800351300004200399504003000441650001300471700001900484850001200503999002200515990002200537990002200559INLIS00000000002895320200709110219 a0010-071700000000123ta170705s2015 yoia g ind d a978-602-1691-03-8 aYOPDYOGbind04222a004.678 a004.678 ANT i aDEP 004.678 ANT i aCB-D.11 2015-24070 aAantonius Fran Setiawan00aIntegrasi basis data dengan web /cAntonius Fran Setyawan; penyunting, Erik R Prabowo aCet. 13 aYogyakarta :bSkripta Media Creative,c2015 avi, 130 halaman :bilustrasi ;c25 cm aBibliografi : halaman 130 4aInternet0 aErik R Prabowo aYOPDYOG aCB-D.11/2015-2407 aCB-D.11/2015-2407 aCB-D.11/2015-2407